| 000 | 00588nam a2200193 a 4500 | ||
|---|---|---|---|
| 001 | 21665 | ||
| 003 | CO-ViMGA | ||
| 008 | 141112s2004 ck r 000 u spa d | ||
| 020 | _a8488342756 | ||
| 040 |
_aCO-ViMGA _bspa _cCO-ViMGA |
||
| 082 | 0 | 4 | _aERLg |
| 100 | 1 |
_aErlbruch, Wolf _92400 |
|
| 245 | 1 | 0 | _aLa gran pregunta |
| 260 |
_aMadrid : _bKókinos, _c2005 |
||
| 300 | _a46 | ||
| 590 | _aForma de adquisición : Donación fact. 8854 - - Precio : 69000 - - Proveedor : Fundación exito - - Fecha de adquisición : Junio 2007 | ||
| 650 | 1 | 4 | _aCUENTOS INFANTILES ALEMANES |
| 942 |
_2ddc _cBK |
||
| 999 |
_c30229 _d30229 |
||